| 000 | 00505nam a2200181Ia 4500 | ||
|---|---|---|---|
| 008 | 151018s9999 xx 000 0 und d | ||
| 082 |
_bRBASDV6649 _a891.463 |
||
| 100 | _aबलराम नांगरे | ||
| 245 | _aअपंगा | ||
| 250 | _b1 | ||
| 260 |
_bग.रा.पाठक _c1965 |
||
| 300 | _a168 | ||
| 600 | _aबलराम नांगरे | ||
| 630 | _aअपंगा | ||
| 700 | _aबलराम नांगरे | ||
| 730 | _aअपंगा | ||
| 942 | _cBOOK | ||
| 999 |
_c1009023 _d1009020 |
||